000 00416nam a2200157 4500
008 191022s2018||||xo d
100 1 _aPaulíšinová Katarína
_91389
700 1 _aKovácová Andrea
_91390
245 1 0 _aZdravé domáce sladkosti
250 _a1.vydanie
260 _bCo dokáže mama
_aBratislava
_c2018
300 _a196s.
020 _a9788097243036
_c15,71
041 1 _aslo
044 _axo
_cSK
999 _c22751
_d22751